000 01122nam a2200277 a 4500
999 _c330959
_d330959
003 BLK
005 20230914112011.0
008 190513b bu |||||r|||| 00| 0 bu d
020 _a9789540912790
040 _aBLK
041 _aBUL
_cBUL
080 _aБългарска литература
_b821.163.2
_x-1
_z821.163.2-1
100 _aГранитски, Иван
_eпърви автор
_91299
139 _aГранитски, Иван
_bГ 77
245 _aАтлантида
_cИван Гранитски ; худож. Маглена Константинова
250 _a2 изд.
260 _9209473
_aСофия
_bЗахарий Стоянов
_c2018
_fСофия: Миг принт
300 _a48 с.
_bс цв. ил.
_c26 см
380 _aX
500 _aИван Гранитски - псевд. на авт. Иван Йорданов Димитров. - 1. изд. 2000.
700 _aКонстантинова, Маглена Иванова
_9247827
852 _aЦб ІІ 23719
942 _cKNG
_n0
944 _aCR
_c2019-05-13
_k30556
_lТеодора Пейчева-Дянкова
999 _d330959